000 00313nam a22001337a 4500
008 170602b xxu||||| |||| 00| 0 eng d
020 _a9780198204350
041 _aeng
080 _a94
100 _a17
101 _aSHH
245 _aOXFORD ILLUSTRATE HISTORY OF THE CRUSADES
_cSMITH.J.R
942 _2udc
_cBK
999 _c15599
_d15599